000
00282nam a22001337a 4500
003
SGT
020
_a
9780706998979
082
_a
658.15
_b
PAN
100
_a
PANDEY, I.M
245
_a
MANAGEMENT ACCOUNTING
260
_b
VIKAS PUBLISHING
_c
2018
300
_a
608
942
_2
ddc
_c
BK
_0
20
999
_c
16254
_d
16254